|
|
|
|
| LEADER |
00000nam a2200000 a 4500 |
| 001 |
vtls010285958 |
| 003 |
SK-MaSNL |
| 005 |
20260301031834.0 |
| 008 |
251029s2010 rb a n 001 0dslo |
| 015 |
|
|
|a SNBZSA2012-00012
|
| 020 |
|
|
|a 9788671033572
|q (brož.)
|
| 040 |
|
|
|a SNK
|b slo
|c SNK
|e AACR2
|
| 041 |
0 |
|
|a slo
|
| 043 |
|
|
|a e-rb---
|
| 044 |
|
|
|a rb
|c RS
|
| 072 |
|
7 |
|a 821.162.4.09
|x Slovenská literatúra (o nej)
|2 konspekt
|
| 080 |
|
|
|a 821.162.4(497.11).09
|x (081)
|2 2001
|
| 080 |
|
|
|a 316.72(=162.4)
|x (497.11)
|2 2001
|
| 100 |
1 |
|
|a Boldocký, Samuel,
|d 1943-2015
|4 aut
|9 88064
|
| 245 |
1 |
0 |
|a Kroky a stopy v kultúre a literatúre vojvodinských Slovákov
|c Samuel Boldocký ; [ilustrovala Mira Brtková]
|
| 260 |
|
|
|a Báčsky Petrovec
|b Slovenské vydavateľské centrum
|c 2010
|
| 300 |
|
|
|a 192 s.
|b ilustr.
|c 20 cm
|
| 490 |
1 |
|
|a Živý prúd
|v zv. 59
|
| 500 |
|
|
|a 150 výt.
|
| 504 |
|
|
|a Bibliogr. s. 183-185. Reg.
|
| 650 |
0 |
7 |
|a Slováci v zahraničí
|2 snkph
|9 14695
|
| 650 |
0 |
7 |
|a slovenská poézia
|2 snkph
|9 215422
|
| 650 |
0 |
7 |
|a kultúrne dejiny
|2 snkph
|9 4307
|
| 650 |
0 |
7 |
|a slovenská kultúra
|2 snkph
|9 54525
|
| 650 |
0 |
7 |
|a slovenskí spisovatelia
|2 snkph
|9 1258
|
| 651 |
|
7 |
|a Vojvodina (Srbsko)
|2 snkph
|9 27375
|
| 655 |
|
7 |
|a štúdie
|2 snkph
|9 57033
|
| 700 |
1 |
|
|a Brtková, Mira,
|d 1930-2014
|4 ill
|9 178790
|
| 830 |
|
0 |
|a Živý prúd
|9 306094
|
| 919 |
|
|
|a 978-86-7103-357-2
|
| 958 |
|
|
|a ZS
|
| 958 |
|
|
|a RS
|
| 958 |
|
|
|a LX
|
| 958 |
|
|
|a NM
|
| 958 |
|
|
|a RB
|
| 999 |
|
|
|c 577401
|d 579331
|
| 952 |
|
|
|a SNK
|b SNK
|y VYP
|7 0
|p 17A0717754
|o snkSD 80427 D1
|i snk2011/19019
|8 2
|g 4.28
|0 0
|1 0
|4 0
|d 2011-06-15
|l 0
|r 2017-06-30 00:00:00
|w 2026-02-23
|
| 952 |
|
|
|a SNK
|b SNK
|y PREZ
|7 0
|p 17A0717755
|o snkSD 80427
|i snk2011/19018
|8 2
|g 4.28
|0 0
|1 0
|4 0
|d 2011-06-15
|l 0
|r 2025-11-27 00:00:00
|w 2026-02-23
|